Ra sức xây dựng Tây - Bắc giàu mạnh
Сохранить в:
| Главный автор: | |
|---|---|
| Формат: | |
| Язык: | Vietnamese |
| Опубликовано: |
H.
Sự thật
1978
|
| Предметы: | |
| Метки: |
Добавить метку
Нет меток, Требуется 1-ая метка записи!
|
| Thư viện lưu trữ: | Trung tâm Học liệu Lê Vũ Hùng, Trường Đại học Đồng Tháp |
|---|
| LEADER | 00743pam a22002538a 4500 | ||
|---|---|---|---|
| 001 | 00025003 | ||
| 005 | 20171026081022.0 | ||
| 008 | 110729s1978 ||||||viesd | ||
| 041 | 0 | # | |a vie |
| 082 | 1 | 4 | |a 330.959 7 |b R100S |
| 100 | 0 | # | |a Lê Duẩn |
| 245 | 0 | 0 | |a Ra sức xây dựng Tây - Bắc giàu mạnh |c Lê Duẩn |
| 260 | # | # | |a H. |b Sự thật |c 1978 |
| 300 | # | # | |a 38tr. |c 19 cm. |
| 650 | # | 4 | |a Giáo dục |
| 650 | # | 4 | |a Kinh tế |
| 650 | # | 4 | |a Xã hội |
| 650 | # | 4 | |a Văn hóa |
| 650 | # | 4 | |a Miền núi |
| 650 | # | 4 | |a Tây Bắc |
| 852 | # | # | |j KD.0007869 |
| 852 | # | # | |b Kho đọc |j KD.0007869 |
| 910 | |d 29/07/2011 | ||
| 980 | # | # | |a Trung tâm Học liệu Lê Vũ Hùng, Trường Đại học Đồng Tháp |